000 00558nam a2200157 i 4500
001 42506
003 ES-MaACL
007 t|
008 030402s1866 sp ||||1| spa d
245 0 0 _aConvenio para la recíproca extradición de malhechores entre España y Sajonia, firmado en Dresde el 8 de Enero de 1866 y en Berlin el 20 del mismo mes y año.
260 _a[S.l. :
_bs.n.,
_c1870]
300 _a6 p. ;
_c27 cm.
500 _aEjemplar sin port., datos tomados de la p. 1.
500 _aTexto en castellano y francés.
852 _aES-MaACL
_jT-500-F-28
999 _c42506
_d42506